Statistics for Countries From Largest To Smallest Starting With K

Click here to take the quiz!

General Stats

  • This quiz has been taken 41 times
  • The average score is 5 of 5

Answer Stats

SizeCountry% Correct
2,699,700 sq.kmKazakhstan
100%
569,140 sq.kmKenya
100%
191,800 sq.kmKyrgyzstan
92%
810 sq.kmKiribati
92%
17,820 sq.kmKuwait
74%

Score Distribution

Percentile by Number Answered

Percent of People with Each Score

Your Score History

You have not taken this quiz